01554nam a2200313Ia 4500001001200000003000800012006001900020007001500039008004100054010001700095020002800112020002200140040002100162035002000183050002300203245019100226260006100417300001700478490014000495504005300635533015200688650003500840650002900875655002900904700003300933710001700966830013100983856012601114ebr10067165CaPaEBRm u cr cn|||||||||040817s2004 ne sb 101 0 eng d z 2004046449 z1588115852 (alk. paper) z9027247706 (Eur.) aCaPaEBRcCaPaEBR a(OCoLC)7077318314aPC11b.R633 2004eb00aRomance languages and linguistic theory 2002h[electronic resource] :bselected papers from "Going Romance," Groningen, 28-30 November 2002 /cedited by Reineke Bok-Bennema ... [et al.]. aAmsterdam ;aPhiladelphia, PA :bJohn Benjamins,cc2004. aviii, 273 p.1 aAmsterdam studies in the theory and history of linguistic science. Series IV, Current issues in linguistic theory,x0304-0763 ;vv. 256 aIncludes bibliographical references and indexes. aElectronic reproduction.bPalo Alto, Calif. :cebrary,d2011.nAvailable via World Wide Web.nAccess may be limited to ebrary affiliated libraries. 0aRomance languagesvCongresses. 0aLinguisticsvCongresses. 7aElectronic books.2local1 aBok-Bennema, Reineke,d1946-2 aebrary, Inc. 0aAmsterdam studies in the theory and history of linguistic science.nSeries IV,pCurrent issues in linguistic theory ;vv. 256.40uhttp://site.ebrary.com/lib/rucke/Doc?id=10067165zAn electronic book accessible through the World Wide Web; click to view